Loading...
Pop Culture | 0 | 3 | 0 | 0 | 30 | 98 | 126.33 | 1 | 3 |
Literature - American Literature | 0 | 2 | 0 | 0 | 20 | 115 | 133.00 | 1 | 2 |
Science - Chemistry | 0 | 2 | 0 | 1 | 20 | 124 | 135.00 | 1 | 2 |
Social Science | 0 | 1 | 0 | 0 | 10 | 130 | 130.00 | 0 | 1 |
Mythology | 0 | 1 | 0 | 0 | 10 | 137 | 137.00 | 1 | 1 |
Philosophy | 0 | 1 | 0 | 0 | 10 | 137 | 137.00 | 0 | 1 |
Religion | 0 | 1 | 0 | 0 | 10 | 135 | 135.00 | 1 | 1 |
Fine Arts - Auditory Fine Arts | 0 | 1 | 0 | 0 | 10 | 129 | 129.00 | 0 | 1 |
Science - Other Science | 0 | 1 | 1 | 0 | 5 | 143 | 143.00 | 0 | 1 |
Science - Biology | 0 | 0 | 0 | 0 | 0 | 0.00 | 0 | 0 | |
Fine Arts - Other Fine Arts | 0 | 0 | 0 | 0 | 0 | 0.00 | 0 | 0 | |
History - Other History | 0 | 0 | 1 | 0 | -5 | 0.00 | 0 | 0 |